[Event "14e Open International de la Reunion"]
[Site "St Denis"]
[Date "2012.10.12"]
[Round "8.4"]
[White "Linder, Oliver"]
[Black "Letreguilly, Olivier"]
[Result "0-1"]
[WhiteElo "1980"]
[BlackElo "2343"]
[PlyCount "112"]
[EventDate "2012.??.??"]

1. d4 Nf6 2. Nf3 e6 3. e3 c5 4. Bd3 b6 5. b3 cxd4 6. exd4 Bb4+ 7. c3 Be7 8. O-O
Bb7 9. Nbd2 O-O 10. c4 d6 11. Qe2 Nbd7 12. Ng5 Re8 13. Bb2 Bf8 14. Nge4 Nxe4
15. Bxe4 Bxe4 16. Nxe4 d5 17. Nc3 Nf6 18. Qd3 Bb4 19. Rac1 Rc8 20. Rfd1 Re7 21.
Nb5 a6 22. Ba3 Bxa3 23. Nxa3 Rec7 24. f3 Qd6 25. Nb1 h6 26. Nd2 Qa3 27. Rc2
dxc4 28. Nxc4 Qb4 29. Rcd2 b5 30. Ne3 Rc3 31. Qe2 Rd8 32. g3 a5 33. Kg2 Nd5 34.
Rd3 Nxe3+ 35. Rxe3 Rxe3 36. Qxe3 Qa3 37. Rd2 Qc1 38. Qe2 Rc8 39. Kh3 Qc6 40.
Qe4 Qc1 41. Qe2 Rd8 42. Rd1 Qg5 43. Qe4 Rd5 44. Kg2 Qd8 45. f4 Qd6 46. Rc1 f5
47. Qe2 Qb6 48. Rd1 Qc6 49. Kg1 Kf7 50. Qh5+ Kf6 51. Qh4+ Kf7 52. Qh5+ Kf6 53.
Qh4+ Kg6 54. Qe7 Rd6 55. Re1 Qd5 56. Rd1 Rc6 0-1

[Event "14e Open International de la Reunion"]
[Site "St Denis"]
[Date "2012.10.12"]
[Round "8.5"]
[White "Ranaivoharisoa, Alain"]
[Black "Rajaonson, Andriamahenina"]
[Result "1-0"]
[WhiteElo "2175"]
[BlackElo "1897"]
[PlyCount "107"]
[EventDate "2012.??.??"]

1. e4 e6 2. d3 d5 3. Nd2 Nf6 4. Ngf3 Bc5 5. Be2 O-O 6. O-O c6 7. c4 Qb6 8. e5
Ng4 9. d4 Be7 10. c5 Qd8 11. Nb3 f5 12. h3 Nh6 13. Bxh6 gxh6 14. Ne1 Kh8 15.
Nd3 Bg5 16. f4 Bh4 17. Qd2 Qe8 18. Rf3 Rg8 19. Rc1 Nd7 20. Na5 Nf8 21. b4 a6
22. Rc2 Qg6 23. Bf1 Qh5 24. Qe2 Bd8 25. Rg3 Qxe2 26. Rxg8+ Kxg8 27. Bxe2 Ng6
28. g3 Rb8 29. Nc1 Bd7 30. Ncb3 Ne7 31. Bh5 Ng6 32. Kf2 Kf8 33. Ke3 Ne7 34. Kd3
Ng6 35. a4 Be8 36. Be2 Ne7 37. Kc3 Bd7 38. Ra2 Bc7 39. Bd3 Ke8 40. g4 Kd8 41.
Rg2 Bxa5 42. Nxa5 Ng6 43. Rf2 Kc7 44. b5 cxb5 45. axb5 b6 46. Nb3 axb5 47. Kb4
Ne7 48. cxb6+ Kxb6 49. gxf5 exf5 50. Rg2 Ng6 51. Nc5 Bc8 52. Bxb5 Ra8 53. e6
Nxf4 54. e7 1-0

[Event "14e Open International de la Reunion"]
[Site "St Denis"]
[Date "2012.10.12"]
[Round "8.6"]
[White "Hamon, Christian"]
[Black "Caron, Jean-Marie"]
[Result "1/2-1/2"]
[WhiteElo "2053"]
[BlackElo "1872"]
[PlyCount "72"]
[EventDate "2012.??.??"]

1. d4 Nf6 2. c4 e6 3. Nf3 Bb4+ 4. Bd2 Bxd2+ 5. Nbxd2 d6 6. e4 Nbd7 7. Be2 e5 8.
O-O O-O 9. d5 Nc5 10. Qc2 a5 11. Rfe1 Bd7 12. Rab1 Qe7 13. b3 Ra7 14. a3 Rfa8
15. b4 axb4 16. axb4 Ra2 17. Rb2 Rxb2 18. Qxb2 Ncxe4 19. Nxe4 Nxe4 20. c5 Qe8
21. Qc2 f5 22. cxd6 cxd6 23. Qc7 Qc8 24. Qb6 Ra2 25. Bd3 Nxf2 26. Bb1 Rb2 27.
Qxd6 e4 28. Qe5 Rxb4 29. Qe7 Rb2 30. Ne5 Be8 31. d6 Nh3+ 32. gxh3 Qc5+ 33. Kh1
Rxh2+ 34. Kxh2 Qf2+ 35. Kh1 Qxe1+ 36. Kg2 Qe2+ 1/2-1/2

[Event "14e Open International de la Reunion"]
[Site "St Denis"]
[Date "2012.10.12"]
[Round "8.7"]
[White "Vitry, Patrick"]
[Black "Ramasindraibe, Girard"]
[Result "0-1"]
[WhiteElo "1750"]
[BlackElo "1982"]
[PlyCount "110"]
[EventDate "2012.??.??"]

1. e4 c5 2. Nf3 d6 3. Nc3 Nf6 4. d4 cxd4 5. Nxd4 a6 6. Be3 e6 7. Be2 Be7 8. O-O
O-O 9. Qd2 b5 10. a3 Bb7 11. f3 Qc7 12. Rad1 d5 13. exd5 Nxd5 14. Nxd5 Bxd5 15.
Bd3 Nd7 16. Qf2 Nc5 17. Be2 Na4 18. Rb1 Bf6 19. c3 Rab8 20. Bd3 Rfd8 21. Rfd1
Nb6 22. Qg3 Qxg3 23. hxg3 e5 24. Nf5 Bb3 25. Rd2 Nd5 26. Be4 Nxe3 27. Rxd8+
Bxd8 28. Nxe3 Bb6 29. Re1 Rd8 30. Kf2 g6 31. f4 f5 32. Bb7 e4 33. Bxa6 Bc4 34.
b3 Rd2+ 35. Kg1 Be2 36. Kh2 Bxe3 37. Bxb5 Bxb5 38. Rxe3 Rd3 39. Re1 Rxc3 40.
Rb1 Bd3 41. Rb2 Rc2 42. Rxc2 Bxc2 43. b4 Ba4 44. Kg1 Kf7 45. Kf2 h5 46. Ke3 Ke6
47. Kd4 Kd6 48. Kc4 Kc6 49. Kd4 Kb5 50. Kc3 Bd1 51. Kd2 Bb3 52. Kc3 Bf7 53. Kb2
Ka4 54. Kc3 Be8 55. Kb2 Bb5 0-1

[Event "14e Open International de la Reunion"]
[Site "St Denis"]
[Date "2012.10.12"]
[Round "8.8"]
[White "Rakotomaharo, Fy Antenaina"]
[Black "Boos, Olivier"]
[Result "1/2-1/2"]
[WhiteElo "1995"]
[BlackElo "2014"]
[PlyCount "142"]
[EventDate "2012.??.??"]

1. b3 d5 2. Bb2 Nf6 3. e3 Nbd7 4. f4 e6 5. Nf3 c5 6. Bb5 a6 7. Bxd7+ Nxd7 8.
O-O b5 9. d3 f6 10. Nh4 Qe7 11. f5 Nb6 12. e4 Qf7 13. Nd2 e5 14. c4 dxc4 15.
dxc4 Be7 16. Rc1 b4 17. Qg4 a5 18. Rf3 g5 19. fxg6 hxg6 20. Qg3 g5 21. Nf5 Nd7
22. Nf1 Bb7 23. Qg4 Qh7 24. Rd1 Nf8 25. N1g3 Bc8 26. Kf2 Qh4 27. Qxh4 gxh4 28.
Nf1 a4 29. N1e3 axb3 30. axb3 Ne6 31. Nd5 Ra2 32. Rd2 Ng5 33. Nfxe7 Nxe4+ 34.
Ke3 Nxd2 35. Kxd2 Bg4 36. Kc2 Bxf3 37. gxf3 Ra7 38. Nc8 Rg7 39. Nxf6+ Kd8 40.
Nd6 Rg2+ 41. Kb1 Ke7 42. Bxe5 Ke6 43. f4 Rd8 44. Nfe4 Rxh2 45. Nxc5+ Ke7 46.
Nce4 Rg8 47. Nf5+ Kd8 48. Bf6+ Kc7 49. Ng5 Re8 50. Be5+ Kb6 51. Ne4 Rg8 52. Ng5
Rd8 53. c5+ Ka6 54. Nd6 h3 55. f5 Rh1+ 56. Kc2 Re1 57. Nge4 h2 58. Bxh2 Re2+
59. Kd3 Rxh2 60. Kc4 Rh4 61. Kd5 Rh3 62. c6 Kb6 63. Nc5 Rf3 64. Nd7+ Ka7 65. c7
Rxd7 66. c8=Q Rd3+ 67. Ke4 R3xd6 68. Qc5+ Rb6 69. f6 Rf7 70. Qa5+ Ra6 71. Qc5+
Rb6 1/2-1/2

[Event "14e Open International de la Reunion"]
[Site "St Denis"]
[Date "2012.10.12"]
[Round "8.9"]
[White "Duprey, Francois-Xavier"]
[Black "Chan-Kai-Hou, Fabrice"]
[Result "1/2-1/2"]
[WhiteElo "1792"]
[BlackElo "1954"]
[PlyCount "67"]
[EventDate "2012.??.??"]

1. c4 Nf6 2. Nf3 c6 3. g3 d5 4. cxd5 cxd5 5. Bg2 Bf5 6. Nd4 Bg6 7. Nc3 e6 8. d3
Be7 9. Qb3 Qd7 10. Qb5 Nc6 11. Qa4 Nxd4 12. Qxd4 O-O 13. O-O Rfc8 14. a3 a6 15.
Qb6 Bc5 16. Qb3 b5 17. Nb1 Qa7 18. e3 Rab8 19. d4 Be7 20. Nd2 a5 21. Nf3 Bc2
22. Qa2 a4 23. Nd2 b4 24. b3 axb3 25. Nxb3 bxa3 26. Nc5 Bxc5 27. dxc5 Qxc5 28.
Bxa3 Qb5 29. Rfc1 Bd3 30. Bd6 Rxc1+ 31. Rxc1 Bc4 32. Bf1 Rd8 33. Bxc4 dxc4 34.
Qxc4 1/2-1/2

[Event "14e Open International de la Reunion"]
[Site "St Denis"]
[Date "2012.10.12"]
[Round "8.10"]
[White "Dijoux, Julien"]
[Black "Ratsimikatry, Caryl Patrick"]
[Result "1-0"]
[WhiteElo "1883"]
[BlackElo "1924"]
[PlyCount "109"]
[EventDate "2012.??.??"]

1. d4 Nf6 2. Nf3 e6 3. g3 b5 4. Bg2 Bb7 5. O-O c5 6. c3 cxd4 7. Qxd4 h6 8. Nbd2
Nc6 9. Qd3 Qb6 10. Nb3 a6 11. Be3 Qc7 12. Rad1 d5 13. Nbd4 Rd8 14. Nxc6 Bxc6
15. Bf4 Bd6 16. Bxd6 Qxd6 17. Qd4 Ba8 18. Ne5 O-O 19. f4 Qc7 20. f5 Rd6 21. Bh3
exf5 22. Rxf5 Re8 23. Rdf1 Rde6 24. Rxf6 Rxf6 25. Rxf6 gxf6 26. Nd7 Re5 27.
Nxf6+ Kh8 28. Nd7 f6 29. Nxe5 fxe5 30. Qg4 Qa7+ 31. Kf1 Qf7+ 32. Ke1 Bb7 33.
Qe6 Qxe6 34. Bxe6 a5 35. e3 Bc6 36. Kd2 Kg7 37. h4 Kf6 38. Bg4 Kg6 39. a3 Kf6
40. Kd3 Kg6 41. b3 Kf6 42. Bh3 Kg6 43. c4 b4 44. axb4 axb4 45. Be6 dxc4+ 46.
Kxc4 Kf6 47. Bd5 Bd7 48. Kxb4 Ke7 49. Kc5 Bg4 50. b4 Kd7 51. b5 Bf5 52. Bc6+
Kc7 53. b6+ Kb8 54. Kd6 e4 55. Ke5 1-0

[Event "14e Open International de la Reunion"]
[Site "St Denis"]
[Date "2012.10.12"]
[Round "8.11"]
[White "Calmels, Nicolas"]
[Black "Payet, Jean-Claude"]
[Result "0-1"]
[WhiteElo "1830"]
[BlackElo "1829"]
[PlyCount "125"]
[EventDate "2012.??.??"]

1. e4 c5 2. Nc3 d6 3. Bb5+ Bd7 4. a3 a6 5. Bc4 Nc6 6. Nge2 Nf6 7. d3 g6 8. Bg5
Bg7 9. Qd2 h6 10. Be3 Ng4 11. Bf4 b5 12. Bd5 e6 13. Ba2 Qe7 14. f3 Nf6 15. Nd1
Nh5 16. Be3 a5 17. c3 a4 18. d4 c4 19. Nf2 Nf6 20. Bb1 Na5 21. Bc2 Bc6 22. Nf4
Nb3 23. Bxb3 axb3 24. O-O O-O 25. N4h3 Kh7 26. Rfe1 Qb7 27. Bf4 Rad8 28. Rad1
Rd7 29. Qc1 Qa8 30. Bd2 Re8 31. Re2 Qd8 32. g4 Ng8 33. Rde1 Bb7 34. Bf4 Ne7 35.
Nh1 Nc6 36. Be3 f6 37. Ng3 Qc8 38. Nf2 Rde7 39. h4 Qb8 40. Kg2 Qc8 41. g5 h5
42. Nh3 f5 43. Rf2 Rf8 44. Ref1 Ref7 45. Qd1 Ne7 46. Nxh5 gxh5 47. g6+ Kxg6 48.
Ng5 f4 49. Nxf7 Rxf7 50. Bd2 Bh6 51. Rg1 Kh7 52. Kf1 d5 53. e5 Nf5 54. Qb1 Rg7
55. Rxg7+ Kxg7 56. Rg2+ Ng3+ 57. Rxg3+ fxg3 58. Bxh6+ Kxh6 59. Qc1+ Kh7 60. Qg5
g2+ 61. Kg1 Qe8 62. Qf6 Bc8 63. Qg5 {Suite non lisible} 0-1

[Event "14e Open International de la Reunion"]
[Site "St Denis"]
[Date "2012.10.12"]
[Round "8.12"]
[White "Mablouke, Ulrich"]
[Black "Rabe Andrianandrasan, Haingo"]
[Result "1/2-1/2"]
[WhiteElo "1785"]
[BlackElo "1978"]
[PlyCount "25"]
[EventDate "2012.??.??"]

1. e4 e5 2. f4 exf4 3. Nf3 Nc6 4. Nc3 Bb4 5. Bc4 d6 6. d3 Bg4 7. Bxf4 Qf6 8.
Bg3 Bxc3+ 9. bxc3 Qxc3+ 10. Kf2 Bh5 11. Re1 Nf6 12. e5 Ng4+ 13. Kg1 {
Suite non lisible} 1/2-1/2

[Event "14e Open International de la Reunion"]
[Site "St Denis"]
[Date "2012.10.12"]
[Round "8.13"]
[White "Meier, Kurt"]
[Black "Genne, Rene"]
[Result "1/2-1/2"]
[WhiteElo "1960"]
[BlackElo "1795"]
[PlyCount "46"]
[EventDate "2012.??.??"]

1. e4 c5 2. Nf3 e6 3. c4 Qc7 4. Nc3 a6 5. g3 Nc6 6. d4 cxd4 7. Nxd4 Nf6 8. Be2
d6 9. O-O Be7 10. Be3 O-O 11. Rc1 Bd7 12. b4 Nxd4 13. Qxd4 Rfc8 14. a4 Qd8 15.
b5 e5 16. Qd3 Be6 17. Nd5 Nxd5 18. cxd5 Bd7 19. Qb3 Qa5 20. Rxc8+ Rxc8 21. bxa6
bxa6 22. Bd1 Qc7 23. Be2 Rb8 1/2-1/2

[Event "14e Open International de la Reunion"]
[Site "St Denis"]
[Date "2012.10.12"]
[Round "8.14"]
[White "Goorsahye, Antoine"]
[Black "Craquelin, Mathie"]
[Result "0-1"]
[WhiteElo "1899"]
[BlackElo "1590"]
[PlyCount "88"]
[EventDate "2012.??.??"]

1. e4 e5 2. d4 exd4 3. c3 dxc3 4. Bc4 Qe7 5. Nxc3 Nc6 6. Nf3 d6 7. O-O Be6 8.
Nd5 Qd8 9. Re1 Be7 10. e5 dxe5 11. Nxe5 Nxe5 12. Rxe5 Nf6 13. Nxf6+ Bxf6 14.
Rxe6+ fxe6 15. Qe2 Qe7 16. Bxe6 Rd8 17. Bf4 Bg5 18. Re1 Bf6 19. Bxc7 Qxc7 20.
Qb5+ Kf8 21. Qb4+ Qe7 22. Qe4 Rd6 23. f4 Rxe6 24. Qxe6 Qxe6 25. Rxe6 Bxb2 26.
Re2 Bd4+ 27. Kf1 Kf7 28. Rc2 Bb6 29. Rd2 Rd8 30. Re2 Rd1+ 31. Re1 Rxe1+ 32.
Kxe1 Kf6 33. Ke2 Kf5 34. Kf3 Bc5 35. g4+ Kf6 36. Ke4 Ke6 37. h4 Be7 38. f5+ Kd6
39. g5 a6 40. Kf4 b5 41. h5 a5 42. f6 gxf6 43. g6 hxg6 44. h6 Bf8 0-1

[Event "14e Open International de la Reunion"]
[Site "St Denis"]
[Date "2012.10.12"]
[Round "8.15"]
[White "Andriandaza, Tombo Omar"]
[Black "Frisk, Anders"]
[Result "1-0"]
[WhiteElo "1567"]
[BlackElo "1847"]
[PlyCount "103"]
[EventDate "2012.??.??"]

1. e4 c5 2. Nf3 Nc6 3. d4 cxd4 4. Nxd4 e5 5. Nb3 Nf6 6. Bc4 Nxe4 7. Bxf7+ Kxf7
8. Qd5+ Ke8 9. Qxe4 d5 10. Qe2 Qf6 11. Nc3 Bb4 12. Bd2 Be6 13. O-O-O Kf7 14.
Qb5 Bxc3 15. Bxc3 Rab8 16. f4 Qxf4+ 17. Kb1 Qc4 18. Qxc4 dxc4 19. Nc5 Rhe8 20.
Rhf1+ Kg8 21. Nxe6 Rxe6 22. Rd7 Rbe8 23. Rxb7 R8e7 24. Rb5 Rf6 25. Rxf6 gxf6
26. Rc5 Rd7 27. Kc1 Ne7 28. Rxc4 Nd5 29. Bd2 Kf7 30. g4 Kg6 31. Rc6 h5 32.
gxh5+ Kf5 33. h6 Ne7 34. Ra6 Nd5 35. c4 Nf4 36. b4 Ne2+ 37. Kd1 Nd4 38. c5 Nf3
39. Rd6 Rh7 40. Bc1 Nd4 41. a4 Kg6 42. c6 Rc7 43. b5 a6 44. b6 Rxc6 45. Rxc6
Nxc6 46. b7 Nb8 47. h4 Nd7 48. Ke2 f5 49. Be3 f4 50. Ba7 Kxh6 51. b8=Q Nxb8 52.
Bxb8 1-0

[Event "14e Open International de la Reunion"]
[Site "St Denis"]
[Date "2012.10.12"]
[Round "8.16"]
[White "Dalleau, Philippe"]
[Black "Cochard, Franck-Olivier"]
[Result "1-0"]
[WhiteElo "1846"]
[BlackElo "1554"]
[PlyCount "58"]
[EventDate "2012.??.??"]

1. Nf3 Nf6 2. g3 g6 3. Bg2 Bg7 4. O-O O-O 5. c4 c5 6. Nc3 Nc6 7. d3 d5 8. cxd5
Nxd5 9. Bd2 e6 10. Rc1 b6 11. a3 Bb7 12. Re1 Qc7 13. Nxd5 exd5 14. Qc2 Ne7 15.
b4 Rac8 16. bxc5 Qxc5 17. Qa4 Bc6 18. Qf4 Qb5 19. Bb4 Rfe8 20. Bh3 Bd7 21. Ng5
Nf5 22. Bxf5 Bxf5 23. g4 Be5 24. Qf3 h6 25. Nxf7 Kxf7 26. gxf5 Rg8 27. Rxc8
Rxc8 28. fxg6+ Ke8 29. Qf7+ Kd8 1-0

[Event "14e Open International de la Reunion"]
[Site "St Denis"]
[Date "2012.10.12"]
[Round "8.17"]
[White "Denis, Valentin"]
[Black "Frelicot, Eric"]
[Result "0-1"]
[WhiteElo "1498"]
[BlackElo "1827"]
[PlyCount "56"]
[EventDate "2012.??.??"]

1. e4 c6 2. d4 d5 3. exd5 cxd5 4. c4 Nf6 5. Nc3 e6 6. Nf3 Be7 7. Be3 O-O 8. c5
Nc6 9. a3 b6 10. b4 Ne4 11. Nxe4 dxe4 12. Nd2 Nxd4 13. Nxe4 bxc5 14. bxc5 e5
15. g3 Bxc5 16. Bg2 Rb8 17. O-O Bb6 18. Qb1 Bf5 19. g4 Ne2+ 20. Kh1 Bxe3 21.
Qe1 Bxe4 22. Bxe4 Bd4 23. Qxe2 Bxa1 24. Rxa1 Qf6 25. Qe3 Rb2 26. Qh3 g6 27. f3
Rd8 28. g5 Qxg5 0-1

[Event "14e Open International de la Reunion"]
[Site "St Denis"]
[Date "2012.10.12"]
[Round "8.18"]
[White "Haanshuus, Aslak"]
[Black "Bah, Ismael"]
[Result "1-0"]
[WhiteElo "2059"]
[BlackElo "1768"]
[PlyCount "57"]
[EventDate "2012.??.??"]

1. d4 Nf6 2. Nf3 d5 3. e3 Bf5 4. c4 c6 5. Qb3 Qc7 6. cxd5 cxd5 7. Nc3 e6 8. Bd2
Nbd7 9. Rc1 Qb6 10. Nb5 Kd8 11. Qa4 a5 12. Be2 Ne4 13. a3 Nxd2 14. Nxd2 Bd6 15.
O-O Nb8 16. Nb3 Ke7 17. Rc3 Nc6 18. Nxd6 Kxd6 19. Bb5 Na7 20. Rc5 Bc2 21. Rc1
Bxb3 22. Qxb3 Ke7 23. Rc7+ Kf6 24. Qd1 Raf8 25. Qf3+ Kg6 26. Bd3+ Kh6 27. Qh3+
Kg5 28. f4+ Kf6 29. Qh4+ 1-0

[Event "14e Open International de la Reunion"]
[Site "St Denis"]
[Date "2012.10.12"]
[Round "8.19"]
[White "Koch, Alain"]
[Black "Lecoro, Sylvain"]
[Result "1-0"]
[WhiteElo "1951"]
[BlackElo "1713"]
[PlyCount "77"]
[EventDate "2012.??.??"]

1. e4 e6 2. d4 d5 3. exd5 exd5 4. Nf3 Bd6 5. Bd3 Ne7 6. Bg5 Nd7 7. Nbd2 Nf6 8.
O-O O-O 9. Bxf6 gxf6 10. c4 c6 11. c5 Bc7 12. Nh4 Ng6 13. Qh5 Be6 14. Rfe1 Qd7
15. g3 Bg4 16. Qh6 f5 17. f3 f4 18. fxg4 fxg3 19. Bf5 gxh2+ 20. Kh1 Bf4 21.
Qxf4 Qd8 22. Nxg6 fxg6 23. Be6+ Kg7 24. Qe5+ Qf6 25. Rf1 Qxe5 26. dxe5 Kh6 27.
Rxf8 Rxf8 28. Rf1 Re8 29. Rf6 Re7 30. Nf3 b6 31. cxb6 axb6 32. g5+ Kg7 33. Nxh2
d4 34. Nf3 c5 35. Bc4 Rb7 36. e6 h6 37. Rf7+ Rxf7 38. exf7 hxg5 39. Nxg5 1-0

[Event "14e Open International de la Reunion"]
[Site "St Denis"]
[Date "2012.10.12"]
[Round "8.20"]
[White "Desire, Michael"]
[Black "Fontaine, Willy"]
[Result "1-0"]
[WhiteElo "1780"]
[BlackElo "1610"]
[PlyCount "85"]
[EventDate "2012.??.??"]

1. d4 Nf6 2. c4 e6 3. Nc3 Bb4 4. Nf3 O-O 5. Bf4 d6 6. e3 Ne4 7. Bd3 f5 8. Qc2
h6 9. Bxe4 Bxc3+ 10. bxc3 fxe4 11. Qxe4 d5 12. Qg6 Qf6 13. Qxf6 Rxf6 14. Bxc7
dxc4 15. Ne5 Nd7 16. Nxc4 b5 17. Nd6 Rg6 18. O-O Ba6 19. Rfb1 e5 20. Nf5 Re8
21. d5 Kh8 22. e4 b4 23. Rxb4 Bd3 24. f3 Rc8 25. Ne7 Rxc7 26. Nxg6+ Kh7 27. Ne7
Rxc3 28. Rb7 Nf6 29. Nf5 Nxe4 30. d6 Nc5 31. Rxg7+ Kh8 32. d7 Ne6 33. Re7 Bxf5
34. Rxe6 Bxe6 35. d8=Q+ Bg8 36. Qf6+ Kh7 37. Rd1 Rc7 38. Rd6 Rc1+ 39. Kf2 Rc2+
40. Kg3 Rxg2+ 41. Kxg2 Bxa2 42. Rd7+ Kg8 43. Qg7# 1-0

[Event "14e Open International de la Reunion"]
[Site "St Denis"]
[Date "2012.10.12"]
[Round "8.21"]
[White "Weber, Richard"]
[Black "Rivolo, Jean-Guillaume"]
[Result "0-1"]
[WhiteElo "1811"]
[BlackElo "1486"]
[PlyCount "75"]
[EventDate "2012.??.??"]

1. e4 c5 2. Nf3 Nc6 3. Nc3 d6 4. Bb5 Bd7 5. O-O Nf6 6. Re1 g6 7. Nd5 Bg7 8.
Nxf6+ Bxf6 9. c3 O-O 10. Bxc6 Bxc6 11. d4 Qc7 12. d5 Bd7 13. Bh6 Rfb8 14. Bg5
b5 15. e5 dxe5 16. Bxf6 exf6 17. d6 Qc6 18. Qd2 Rb6 19. Red1 Rd8 20. Ne1 Bf5
21. Qe2 Rxd6 22. Rxd6 Qxd6 23. Rd1 Qe7 24. Rd2 Rb7 25. Qf3 Rb8 26. a3 b4 27.
Qe3 a6 28. Nf3 Kg7 29. h3 Rd8 30. g4 Rxd2 31. Nxd2 Be6 32. Ne4 Qd7 33. Qf3 f5
34. Nxc5 Qd6 35. gxf5 Bxf5 36. Qe3 Bxh3 37. Nxa6 Qxa6 38. Qxh3 {
Suite non lisible} 0-1

[Event "14e Open International de la Reunion"]
[Site "St Denis"]
[Date "2012.10.12"]
[Round "8.22"]
[White "Deurvillier, Martial"]
[Black "Jotee, Ashvin"]
[Result "1/2-1/2"]
[WhiteElo "1620"]
[BlackElo "1799"]
[PlyCount "99"]
[EventDate "2012.??.??"]

1. d4 d5 2. c4 e6 3. Nc3 Nf6 4. Bg5 Be7 5. cxd5 exd5 6. e3 O-O 7. Bd3 Nbd7 8.
Nge2 h6 9. Bh4 Re8 10. Qc2 c5 11. dxc5 Nxc5 12. O-O Be6 13. Rfd1 Rc8 14. Nd4
Nxd3 15. Qxd3 a6 16. a3 Ng4 17. Bxe7 Rxe7 18. h3 Nf6 19. Rac1 Rec7 20. Rc2 Ne4
21. Rdc1 Nxc3 22. Rxc3 Qd7 23. Rxc7 Rxc7 24. Rxc7 Qxc7 25. Qc2 Qxc2 26. Nxc2
Kf8 27. Kf1 Ke7 28. Ke2 Kd6 29. Kd2 Ke5 30. Nd4 Bd7 31. f3 g5 32. g4 f6 33. Kd3
b6 34. b3 Bc8 35. Kd2 h5 36. Ke2 hxg4 37. hxg4 Bd7 38. Kd3 Kd6 39. Kc3 a5 40.
b4 axb4+ 41. Kxb4 Ke5 42. a4 Kd6 43. a5 bxa5+ 44. Kxa5 Kc5 45. Ne2 Kc4 46. Kb6
Kd3 47. Nd4 Kxe3 48. Kc5 Bc8 49. Kxd5 Bb7+ 50. Ke6 1/2-1/2

[Event "14e Open International de la Reunion"]
[Site "St Denis"]
[Date "2012.10.12"]
[Round "8.23"]
[White "Olivier, Tom"]
[Black "Han Yee Yu, Jerome"]
[Result "1-0"]
[WhiteElo "1760"]
[BlackElo "1603"]
[PlyCount "67"]
[EventDate "2012.??.??"]

1. d4 Nf6 2. Nf3 g6 3. c3 Bg7 4. Bg5 d5 5. Nbd2 O-O 6. e3 Nbd7 7. Bd3 b6 8. O-O
Bb7 9. Re1 Rc8 10. h3 c5 11. Bc2 h6 12. Bh4 g5 13. Bg3 Re8 14. Ne5 Nxe5 15.
Bxe5 Nd7 16. Bxg7 Kxg7 17. Nf3 c4 18. e4 dxe4 19. Bxe4 Bxe4 20. Rxe4 f5 21. Re2
Qc7 22. Qc2 Qf4 23. Rae1 Kf7 24. Ne5+ Nxe5 25. Rxe5 e6 26. R1e3 g4 27. hxg4
Qxg4 28. Re2 Qg6 29. Qa4 Re7 30. d5 Rce8 31. d6 Rb7 32. Qc6 Reb8 33. d7 Qg8 34.
Rxe6 1-0

[Event "14e Open International de la Reunion"]
[Site "St Denis"]
[Date "2012.10.12"]
[Round "8.24"]
[White "Oster, Jean-Marie"]
[Black "Herrero, Alain"]
[Result "1-0"]
[WhiteElo "1571"]
[BlackElo "1726"]
[PlyCount "123"]
[EventDate "2012.??.??"]

1. Nf3 g6 2. c4 c5 3. Nc3 Bg7 4. e3 e5 5. d3 Nc6 6. Be2 Nge7 7. O-O O-O 8. a3
a6 9. Rb1 Rb8 10. b4 cxb4 11. axb4 d5 12. b5 axb5 13. cxd5 Nxd5 14. Nxb5 Re8
15. Ba3 Bf8 16. Bxf8 Kxf8 17. Qc2 Qe7 18. Nd2 Ndb4 19. Qc3 Bf5 20. Bf3 Red8 21.
e4 Be6 22. Be2 Ra8 23. Nc4 Bxc4 24. Qxc4 Ra2 25. Rfe1 Rd2 26. Qc3 Rc2 27. Qb3
Qc5 28. Na3 Rc3 29. Qb2 Ra8 30. Nc4 Rc2 31. Qb3 Raa2 32. Bf1 Rxf2 33. Kh1 b5
34. Nb2 Qd4 35. Nd1 Rfd2 36. Nc3 Rac2 37. Nxb5 Qc5 38. Na3 Rc3 39. Qa4 Nxd3 40.
Bxd3 Rxa3 41. Qc4 Qd4 42. Qxd4 Nxd4 43. Bf1 Raa2 44. Red1 Rf2 45. Ra1 Rac2 46.
Rac1 Kg7 47. Rxc2 Rxc2 48. Bd3 Rb2 49. h3 h5 50. Bc4 h4 51. Ra1 f6 52. Ra7+ Kh6
53. Ra6 Kg5 54. Ra8 Ne2 55. Bxe2 Rxe2 56. Ra4 Kf4 57. Ra6 Kg3 58. Ra1 Rxe4 59.
Rf1 Rf4 60. Rd1 Re4 61. Kg1 g5 62. Rd3+ 1-0

[Event "14e Open International de la Reunion"]
[Site "St Denis"]
[Date "2012.10.12"]
[Round "8.25"]
[White "Folio, Cedric"]
[Black "Karcher, Roger"]
[Result "1-0"]
[WhiteElo "1700"]
[BlackElo "1570"]
[PlyCount "48"]
[EventDate "2012.??.??"]

1. d4 c6 2. c4 d5 3. Nf3 dxc4 4. a4 Bg4 5. e3 b5 6. axb5 cxb5 7. h3 Bh5 8. Be2
e6 9. b3 Bb4+ 10. Bd2 Bxd2+ 11. Nfxd2 Bxe2 12. Qxe2 a6 13. bxc4 bxc4 14. Nxc4
Ne7 15. Nbd2 O-O 16. O-O Nbc6 17. Ra4 a5 18. Rfa1 Nd5 19. Qe1 Ndb4 20. Qb1 Qc7
21. Nb3 Rfb8 22. Nbxa5 h6 23. Nxc6 Rxa4 24. Rxa4 Nd5 1-0

[Event "14e Open International de la Reunion"]
[Site "St Denis"]
[Date "2012.10.12"]
[Round "8.26"]
[White "Strate, Wolfgang"]
[Black "Ringayen, Rose-May"]
[Result "1-0"]
[WhiteElo "1689"]
[BlackElo "1567"]
[PlyCount "73"]
[EventDate "2012.??.??"]

1. d4 d5 2. e4 dxe4 3. Nc3 Nf6 4. f3 exf3 5. Nxf3 e6 6. Bc4 Bb4 7. O-O Bxc3 8.
bxc3 O-O 9. Ne5 Qd6 10. a4 c5 11. Ba3 Rd8 12. Rxf6 b6 13. Nxf7 Qe7 14. Nxd8
Qxf6 15. Qf3 Qxf3 16. gxf3 cxd4 17. Nxe6 Bxe6 18. Bxe6+ Kh8 19. Bd5 Nc6 20. Re1
dxc3 21. Bxc6 Rc8 22. Bd7 Rd8 23. Bd6 h6 24. Re8+ Rxe8 25. Bxe8 Kg8 26. Kf2 g5
27. Ke3 Kg7 28. Ke4 Kf6 29. Bd7 a6 30. Kd5 Kg6 31. Ke5 b5 32. Be8+ Kg7 33. Ke6
bxa4 34. Be5+ Kf8 35. Bf7 a3 36. Kf6 a5 37. Bd6# 1-0

[Event "14e Open International de la Reunion"]
[Site "St Denis"]
[Date "2012.10.12"]
[Round "8.27"]
[White "Nassau, Pierre-Alexandre"]
[Black "Tang Hon Yue, Thibault"]
[Result "1-0"]
[WhiteElo "1675"]
[BlackElo "1506"]
[PlyCount "45"]
[EventDate "2012.??.??"]

1. e4 e6 2. d4 d5 3. e5 c5 4. c3 Nc6 5. Nf3 g6 6. Bd3 cxd4 7. cxd4 Bg7 8. Bf4
Nge7 9. O-O O-O 10. Nc3 Qb6 11. Na4 Qd8 12. Re1 Bd7 13. a3 Rc8 14. b4 b6 15.
Bg5 h6 16. Bh4 g5 17. b5 Na5 18. Bxg5 hxg5 19. Nxg5 Bh6 20. Qh5 Kg7 21. Re3 f6
22. Nxe6+ Bxe6 23. Rg3+ 1-0

[Event "14e Open International de la Reunion"]
[Site "St Denis"]
[Date "2012.10.12"]
[Round "8.28"]
[White "Chan-Faye, Yoann"]
[Black "Romain, Arnaud"]
[Result "0-1"]
[WhiteElo "1532"]
[BlackElo "1660"]
[PlyCount "134"]
[EventDate "2012.??.??"]

1. e4 e5 2. Nf3 Nc6 3. d4 exd4 4. Bc4 Qe7 5. O-O d6 6. Re1 Bg4 7. Qd3 Bxf3 8.
Qxf3 Ne5 9. Qb3 Nxc4 10. Qxc4 h6 11. Qxd4 Qe5 12. Qa4+ c6 13. f4 Qb5 14. Qxb5
cxb5 15. Nc3 a6 16. Nd5 Rc8 17. c3 Ne7 18. Ne3 Nc6 19. Nf5 g6 20. Nd4 Bg7 21.
Nf3 O-O 22. Be3 Rfe8 23. Bd4 Nxd4 24. Nxd4 b4 25. Rad1 bxc3 26. bxc3 Rxc3 27.
Nf3 Rc4 28. e5 dxe5 29. fxe5 Rc5 30. Rd7 Bxe5 31. Rxe5 Rcxe5 32. Nxe5 Rxe5 33.
Rxb7 Ra5 34. Rb2 f5 35. Kf2 Kf7 36. Re2 Kf6 37. Ke3 Re5+ 38. Kd3 Rxe2 39. Kxe2
Ke5 40. Ke3 g5 41. h3 h5 42. g3 a5 43. a4 Kd5 44. Kd3 Kc5 45. h4 gxh4 46. gxh4
Kb4 47. Ke3 Kxa4 48. Kf4 Kb3 49. Kxf5 a4 50. Kg5 a3 51. Kxh5 a2 52. Kg6 a1=Q
53. h5 Qh8 54. h6 Kc4 55. h7 Kd5 56. Kh6 Ke6 57. Kg6 Ke7 58. Kh6 Kf7 59. Kg5
Qxh7 60. Kg4 Qe4+ 61. Kg3 Qf5 62. Kg2 Ke6 63. Kg3 Ke5 64. Kg2 Ke4 65. Kg3 Qf8
66. Kg2 Ke3 67. Kg1 Ke2 0-1

[Event "14e Open International de la Reunion"]
[Site "St Denis"]
[Date "2012.10.12"]
[Round "8.29"]
[White "Artigaud, Laurent"]
[Black "Rivolo, Anne-Claire"]
[Result "1-0"]
[WhiteElo "1500"]
[BlackElo "1470"]
[PlyCount "65"]
[EventDate "2012.??.??"]

1. d4 d5 2. Nf3 Bf5 3. e3 a6 4. Bd3 Qd7 5. b3 Nc6 6. a3 Bxd3 7. Qxd3 e6 8. Bb2
Nf6 9. Nbd2 Bd6 10. O-O O-O 11. c4 Be7 12. Rfc1 Na5 13. Rc2 dxc4 14. bxc4 c5
15. Rac1 b6 16. Ne5 Qd6 17. h3 Rad8 18. Nef3 Qc7 19. Qe2 Rd7 20. Rc3 Nc6 21.
R3c2 Bd6 22. Qd3 Rb8 23. Nb3 e5 24. dxe5 Nxe5 25. Qe2 Nxf3+ 26. Qxf3 Be5 27.
Nd2 Bxb2 28. Rxb2 Re8 29. Rd1 Ne4 30. Nxe4 Rxd1+ 31. Qxd1 Rxe4 32. Qf3 Rxc4 33.
Qa8+ 1-0